Spanish Colonies Flags - Statistics

General Stats
  • This quiz has been taken 30 times
  • The average score is 26 of 29
Answer Stats
Picture Answer % Correct
Argentina
100%
Italy
100%
Belgium
96%
Chile
96%
Mexico
96%
Morocco
96%
Philippines
96%
Portugal
96%
Colombia
93%
Cuba
93%
Dominican Republic
93%
Peru
93%
Uruguay
93%
Haiti
89%
Jamaica
89%
Netherlands
89%
Venezuela
89%
Costa Rica
86%
Ecuador
86%
Luxembourg
86%
Panama
86%
Belize
82%
Guatemala
82%
Honduras
82%
Nicaragua
82%
El Salvador
75%
Trinidad and Tobago
75%
Bolivia
71%
Equatorial Guinea
68%
No matching quizzes found
Score Distribution
Percent of People with Each Score
Percentile by Number Answered
Your Score History
You have not taken this quiz